| 000 | 00489nam a2200193Ia 4500 | ||
|---|---|---|---|
| 005 | 20230413143754.0 | ||
| 008 | 131103s9999 xx 000 0 und d | ||
| 040 | _aLoreto College | ||
| 041 | _aEnglish | ||
| 082 |
_aTAG 891.443 _bTAG |
||
| 100 | _aTagore, Rabindranath | ||
| 245 |
_aSasher kabita _cRabindranath Tagore |
||
| 260 |
_aCalcutta _bViswa-Bharati _c1958 |
||
| 300 | _a184p | ||
| 650 | _aBengali Literature | ||
| 651 | _aBengali Fiction | ||
| 850 | _aLCLIB | ||
| 942 | _cBK | ||
| 999 |
_c16841 _d67320 |
||